000 00928cam a22002774a 4500
999 _c2798
_d2798
001 11969597
003 GBCCL
005 20241126110440.0
008 000410s2000 cau b 001 0 eng
010 _a 00039023
020 _a0830725679
040 _aDLC
_cDLC
_dDLC
042 _apcc
050 0 0 _aBV210.2
_b.S513 2000
082 0 0 _a248.32
_221
_bSHE
100 1 _aSheets, Dutch.
_95579
245 1 0 _aWatchman prayer /
_cDutch Sheets.
260 _aVentura, Calif. :
_bRegal,
_cc2000.
300 _a213 p. ;
_c23 cm.
504 _aIncludes bibliographical references (p. [202]-206) and indexes.
650 0 _aPrayer
_xChristianity.
_9227
650 0 _aSpiritual warfare.
_9576
906 _a7
_bcbc
_corignew
_d1
_eocip
_f20
_gy-gencatlg
942 _2ddc
_cBK